000 00263nam a22001217a 4500
008 170424b xxu||||| |||| 00| 0 eng d
041 _aeng
080 _a54
100 _a12
101 _aSHM
245 _aPHYSIOLOGICAL CHEMISTRY
_cHARPER.H.A
942 _2udc
_cBK
999 _c11768
_d11768